Unique areas of cooperation and specific priorities of the Visegrad Group in the context of implied convergence tendencies

Nadnárodná spolupráca , spoločný záujem a zahraničná politika krajín V4.

Na minha lista:
Detalhes bibliográficos
Autor principal: Hudec, Martin
Formato: Capítulo de Livro
Idioma:inglês
Assuntos:
Tags: Adicionar Tag
Sem tags, seja o primeiro a adicionar uma tag!

MARC

LEADER 00000nla a2200000 4500
001 0222655
005 20240502073638.6
041 0 |a eng 
044 |a SK 
245 1 0 |a Unique areas of cooperation and specific priorities of the Visegrad Group in the context of implied convergence tendencies  |c Martin Hudec 
520 |a Nadnárodná spolupráca , spoločný záujem a zahraničná politika krajín V4. 
610 2 0 |a Európska únia 
610 2 0 |a Vyšehradská štvorka 
610 2 0 |a kooperácia hospodárska medzinárodná 
610 2 0 |a politika zahraničná 
610 2 0 |a konvergencia 
100 1 |a Hudec, Martin